书目信息 |
| 题名: |
晶体管收音机
|
|
| 作者: | ;《无线电与电视》编辑部 编 | |
| 分册: | ||
| 出版信息: | 上海 上海科学技术出版社 1981 |
|
| 页数: | 275页 | |
| 开本: | 25cm | |
| 丛书名: | ||
| 单 册: | ||
| 中图分类: | TN854 | |
| 科图分类: | ||
| 主题词: | 晶体管接收机 | |
| 电子资源: | ||
| ISBN: | ||
| 000 | 00701nam0 2200229 45 | |
| 001 | 0181004005 | |
| 005 | 20060814093516.40 | |
| 010 | @dCNY1.50 | |
| 091 | @a15119.2182 | |
| 100 | @a19950623d1981 em y0chiy0121 ea | |
| 101 | 0 | @achi |
| 102 | @aCN@b310000 | |
| 105 | @ay z 000yy | |
| 200 | 10 | @a晶体管收音机@Ajing ti guan shou yin ji@f《无线电与电视》编辑部编@F《wu xian dian yu dian shi》bian ji bu bian |
| 210 | @a上海@c上海科学技术出版社@d1981 | |
| 215 | @a275页@d25cm | |
| 606 | @a晶体管接收机 | |
| 690 | @aTN854@v3 | |
| 711 | 02 | @a《无线电与电视》编辑部@A《wu xian dian yu dian shi》bian ji bu@4编 |
| 801 | 0 | @aCN@b上海图书馆@c20060814 |
| 801 | 2 | @aCN@bNLC@c20060812 |
| 905 | @dTN854@e18 | |
| 晶体管收音机/《无线电与电视》编辑部编.-上海:上海科学技术出版社,1981 |
| 275页;25cm |
| ISBN :CNY1.50 |
| ● |
| 相关链接 |
|
|
|
|
正题名:晶体管收音机
索取号:TN854/18
 
预约/预借
| 序号 | 登录号 | 条形码 | 馆藏地/架位号 | 状态 | 备注 |
| 1 | 0074067 | 001321590 | 第三借阅区/ [索取号:TN854/18] | 在馆 | |
| 2 | 0074068 | 202120604 | 第二样本阅览室/ [索取号:TN854/18] | 在馆 | |
| 3 | 0277058 | 202166146 | 密集书库/ [索取号:TN854/18] | 在馆 | |
| 4 | 0420842 | 204208428 | 密集书库/ [索取号:TN854/18] | 在馆 | |
| 5 | 0420843 | 204208437 | 密集书库/ [索取号:TN854/18] | 在馆 | |
| 6 | 0420844 | 204208446 | 密集书库/ [索取号:TN854/18] | 在馆 | |
| 7 | 0420845 | 204208455 | 密集书库/ [索取号:TN854/18] | 在馆 | |
| 8 | 0420846 | 204208464 | 密集书库/ [索取号:TN854/18] | 在馆 | |
| 9 | 0421390 | 204213902 | 密集书库/ [索取号:TN854/18] | 在馆 | |
| 10 | 0452408 | 204524087 | 密集书库/ [索取号:TN854/18] | 在馆 | |
| 11 | 0452481 | 204524817 | 密集书库/ [索取号:TN854/18] | 在馆 | |
| 12 | 0452482 | 204524826 | 密集书库/ [索取号:TN854/18] | 在馆 | |
| 13 | 0452483 | 204524835 | 密集书库/ [索取号:TN854/18] | 在馆 | |
| 14 | 0452484 | 204524844 | 密集书库/ [索取号:TN854/18] | 在馆 | |
| 15 | 0458000 | 204580006 | 密集书库/ [索取号:TN854/18] | 在馆 | |
| 16 | 0458142 | 204581425 | 密集书库/ [索取号:TN854/18] | 在馆 |